000 00897nam a2200289 i 4500
001 bg
100 1 _aSIMMONS, Richard
245 1 0 _aWarren Buffett - strategie sukcesu :
_bpoznaj i zastosuj techniki i strategie mistrza inwestowania /
_cRichard Simmons ; [tł. z ang. Piotr Kazimierski].
246 _iTyt. oryg.:
_aBuffet step by step
260 _aWarszawa :
_bLIBER,
_c1999.
300 _a176 s. ;
_c23 cm.
490 1 _aInwestowanie
500 _aTyt. oryg.: "Buffet step by step".
504 _aPodręcznik dla inwestorów.
600 1 9 _aBuffet Warren
650 9 _aInwestycje
_xfinanse
650 9 _aPapiery wartościowe
_xinwestycje
_xmetody
655 _aPodręczniki
830 _aInwestowanie
020 _a8388170058
040 _cBPK
041 _apol
080 _a336.76(07)
920 _a83-88170-05-8
942 _cKS
008 s pl f |000 0 pol
999 _c36202
_d36202
856 _uhttp://koha.tu.koszalin.pl/cgi-bin/koha/opac-detail.pl?biblionumber=36202
_yKatalog online BPK